{"text_format":"2","workbook":"xlsx","n_sheets":2,"sheets":["Plan1","Plan2"],"not_rendered":{"charts":0,"images":0,"macros":0,"external_links":0,"defined_names":1,"comments":0,"pivot_tables":0},"unopened":[],"bounds":{"document_bytes":16777216,"sheet_cells":100000,"run_cost":"one","rows_first":2000,"rows_last":500,"rows_between":2000,"halvings":0,"cell_chars":16384,"cell_head_chars":4096},"cells_cut":0,"cells_raw":0,"read":"whole","date_system":"1900"}

{"sheet":"Plan1","index":0,"n_rows":25,"n_cols":8,"rows_kept":25,"cut":false,"hidden":false,"merged":[[20,7,21,7],[23,1,23,5],[23,6,23,7],[24,1,24,5],[24,6,24,7],[20,1,21,1],[20,2,21,2],[20,3,21,3],[20,4,21,4],[20,5,21,5],[20,6,21,6],[18,1,19,1],[18,3,19,3],[18,4,19,4],[18,5,19,5],[18,6,19,6],[18,7,19,7],[16,1,17,1],[16,3,17,3],[16,4,17,4],[16,5,17,5],[16,6,17,6],[16,7,17,7],[11,7,12,7],[14,1,15,1],[14,2,15,2],[14,3,15,3],[14,4,15,4],[14,5,15,5],[14,6,15,6],[14,7,15,7],[11,1,12,1],[11,2,12,2],[11,3,12,3],[11,4,12,4],[11,5,12,5],[11,6,12,6],[7,7,8,7],[9,1,10,1],[9,2,10,2],[9,3,10,3],[9,4,10,4],[9,5,10,5],[9,6,10,6],[9,7,10,7],[7,1,8,1],[7,2,8,2],[7,3,8,3],[7,4,8,4],[7,5,8,5],[7,6,8,6],[4,1,4,5],[4,6,4,7],[5,2,6,2],[5,3,6,3],[5,4,6,4],[5,5,6,5],[5,6,6,6],[5,7,6,7]]}
[]
[null,"C.III.1 – PLANILHA DE QUANTITATIVOS E PREÇOS"]
[]
[]
[null,"Grupo Único ",{"$nulls":4},"Preços médios"]
[null,null,"Códigos","ESPECIFICAÇÃO","UN","QUANT.","Vlr. Unit.","Vlr. Total"]
[null,"Item"]
[null,1,392442,"Fornecimento de forro mineral (referência: OWA Sirius/LUCERO  625/625/12MM) e toda estrutura de perfil, tirantes, cantoneiras, e demais acessórios para sua instalação","m²",10000,120.9,1209000]
[]
[null,2,472533,"Fornecimento de luminárias 4X16W (referência: AO6 ABALUX)","UN",1999,241.61,482978.39]
[]
[null,3,473389,"Lâmpadas LED Tubo T8 9W (referência: Osran)","UN",7900,43.37,342623]
[]
[null,4,322102,"Cabo 3X2,5MM 1Kva (referência: Prysmian)","M",2377,8.61,20462.96]
[null,5,356016,"Pino macho 180 2P+T 10A 250V","UN",1999,13.41,26806.55]
[]
[null,6,407877,"Pino fêmea 180 2P+T 10A 250V","UN",1999,8.3800000000000008,16751.62]
[]
[null,7,18180,"Serviço de retirada/demolição de forro metálico existente, e limpeza do local, com fornecimento de caçambas","m²",10000,11.73,117300]
[]
[null,8,1627,"Serviço de Instalação de Forro Mineral em Placas de 625MM X 625MM, Colocado com perfil de aço “T” com pintura eletrostática branca.","m²",10000,42.13,421300]
[]
[null,9,22225,"Serviço de instalação de luminárias ","UN",1999,47.3,94552.7]
[]
[null,"Total Geral do grupo único",{"$nulls":4},2731775.22]

{"sheet":"Plan2","index":1,"n_rows":27,"n_cols":5,"rows_kept":27,"cut":false,"hidden":false,"merged":[[25,1,25,2],[26,1,26,2],[18,4,22,4],[20,1,21,1],[20,2,21,2],[20,3,21,3],[23,1,23,2],[24,1,24,2],[14,1,14,2],[15,1,15,3],[16,1,16,3],[18,1,19,1],[18,3,19,3],[7,2,8,2],[7,3,8,3],[9,1,10,1],[9,2,10,2],[9,3,10,3],[1,1,1,4],[2,1,2,3],[2,4,5,4],[3,2,5,2],[3,3,5,3],[6,4,13,4],[7,1,8,1]]}
[]
[null,"Planilha modelo de proposta, em branco"]
[null,"Grupo Único",null,null,"Valor Total"]
[null,null,"Códigos","ESPECIFICAÇÕES"]
[null,"Item"]
[]
[null,1,392442,"Fornecimento de 10.000 m² de forro mineral (referência: OWA Sirius/LUCERO  625/625/12MM) e toda estrutura de perfil, tirantes, cantoneiras, e demais acessórios para sua instalação"]
[null,2,472533,"Fornecimento de 1999 luminárias 4X16W (referência: AO6 ABALUX)"]
[]
[null,3,473389,"7900 Lâmpadas LED Tubo T8 9W (referência: Osran)"]
[]
[null,4,322102,"2377 m de Cabo 3X2,5MM 1Kva (referência: Prysmian)"]
[null,5,356016,"1999 Unidades de Pino macho 180 2P+T 10A 250V"]
[null,6,407877,"1999 Unidades de Pino femea 180 2P+T 10A 250V"]
[null,null,null,"Subtotal de material - R$"]
[null,"BDI de material (14,02%)"]
[null,"Valor total de material + BDI "]
[null,"Item","Códigos"]
[null,7,18180,"Serviço de retirada/demolição de 10.000 m² de forro metálico existente, e limpeza do local, com fornecimento de caçambas"]
[]
[null,8,1627,"Serviço de instalação de 10.000 m² de FORRO MINERAL em placas de 625MM X 625MM, colocado com perfil de aço “T” com pintura eletrostática branca"]
[]
[null,9,22225,"Serviço de instalação de 1999 unidades de luminárias de embutir "]
[null,null,null,"Subtotal de serviço - R$"]
[null,null,null,"BDI de Serviço (22,12%)"]
[null,null,null,"Valor total de Serviço + BDI "]
[null,null,null,"TOTAL GERAL DA PROPOSTA"]